Statystyki dla Monarchie na świecie

Kliknij tutaj aby rozwiązać quiz!

Ogólne statystyki

  • Ten quiz został rozwiązany 20 150 razy
  • Średni wynik to 16 z 29

Statystyki odpowiedzi

TytułMonarchaKraj% Poprawnych
KrólKarolWielka Brytania /
państwa
"Commonwealth realm"
98%
KrólFelipeHiszpania
81%
PapieżFranciszekWatykan
81%
KrólSalmanArabia Saudyjska
80%
KrólCarl GustafSzwecja
80%
KrólHaraldNorwegia
77%
CesarzNaruhitoJaponia
73%
KrólowaMałgorzataDania
71%
Emirkilka (7)Zjednoczone Emiraty
Arabskie
71%
KrólWillem-AlexanderHolandia
66%
KrólFilipBelgia
63%
EmirTamimKatar
62%
SułtanHaithamOman
61%
KsiążęAlbertMonako
60%
KsiążęJan AdamLiechtenstein
59%
Wielki książęHenrykLuksemburg
58%
WspółksiążętaEmmanuel & JoanAndora
52%
EmirSabahKuwejt
50%
KrólHamadBahrajn
46%
KrólRamaTajlandia
43%
KrólAbdullahJordania
41%
KrólMohammedMaroko
40%
SułtanHassanalBrunei
33%
Yang di-Pertuan
Agong
AbdullahMalezja
31%
KrólKhesarBhutan
30%
KrólSihamoniKambodża
27%
KrólMswatiEswatini
24%
KrólLetsieLesotho
23%
KrólTupouTonga
13%

Rozkład punktacji

Percentyl według liczby udzielonych odpowiedzi

Procent ludzi z każdym wynikiem

Twoja historia wyników

Nie rozwiązałeś tego quizu